00560 a2200169 4500010001400000020002300014035001300037037001800050082001000068100002200078245013000100260005000230270004400280300002900324500002000353700001700373 aENG-86054 a0070659508c395.00 aEN-69587 bD.B.Act / Pub14a153.61 aMonarth, Harrison1 aThe confident speaker:cby Harrison Monarth and Larina Kasebbeat your nerves and communicate at your best in any situation / aNew DelhibTata Mc-Graw Hill Publishingc2007 a7, West Patel NagarbNew Delhie110 008 ax, 322 p.c23 cm. (Pbk.) aIncludes index1 aKase, Larina